000 00893nam a2200253Ia 4500
003 OSt
005 20200814172948.0
008 191128s2002 ck gr 000 0 spa d
020 _a9588059208
040 _aCO-JMCR
_cCO-JMCR
041 0 _aspa
082 0 4 _a345 /
_bS164i
_223
100 1 _aSalgado Quintero, Jairo,
_eautor
_98811
245 1 0 _aInexistencias y nulidades en materia penal /
_cJairo Salgado Quintero
260 _aBogotá :
_bProcuraduría General de la Nación : Instituto de Estudios del Ministerio Público,
_c2002
300 _a92 páginas ;
_c17 cm.
490 0 _aPensamiento jurídico ;
_v6
500 _aIncluye notas a pie de página.
504 _aBibliografía: páginas 91-92
505 0 _aInexistencias y nulidades en materia penal
650 1 4 _aNulidad (Procedimiento penal)
_zColombia
_98812
650 1 4 _aDerecho penal
_zColombia
_98555
942 _2ddc
_cBK
999 _c4695
_d4695